Hodnotenie kvality návarov vyhotovených aditívnou výrobou penetračnou skúškou
Uložené v:
| Hlavný autor: | |
|---|---|
| Ďalší autori: | |
| Médium: | Rukopis Kniha |
| Jazyk: | Slovak |
| Vydavateľské údaje: |
2024
|
| Predmet: | |
| On-line prístup: | http://is.stuba.sk/zp/portal_zp.pl?podrobnosti=169313 |
| Tagy: |
Žiadne tagy, Buďte prvý, kto otaguje tento záznam!
|
MARC
| LEADER | 00000ntm a22000003a 4500 | ||
|---|---|---|---|
| 001 | stuzp98121 | ||
| 003 | SK-STU | ||
| 005 | 20240629211822.0 | ||
| 007 | ta | ||
| 008 | 150427s2015----xo-----f-mn---000-0-slo-d | ||
| 040 | |a STU |b slo | ||
| 041 | 0 | |a slo | |
| 100 | 1 | |a Školuda, Sebastian |u 063000 |4 aut |U MTF Materiálovotechnologická fakulta |T MTF Ústav výrobných technológií |X 116529 |U M3000 |Y 83 |7 116529 | |
| 242 | 0 | 1 | |a Evaluation of the quality of WAAM components by penetration test produced by additive manufacturing |y eng |
| 245 | 1 | 0 | |a Hodnotenie kvality návarov vyhotovených aditívnou výrobou penetračnou skúškou |
| 260 | |c 2024 | ||
| 650 | 4 | |a naváranie |2 slo | |
| 650 | 4 | |a WAAM |2 slo | |
| 650 | 4 | |a penetračná skúška |2 slo | |
| 650 | 4 | |a NDT |2 slo | |
| 650 | 4 | |a WAAM |2 eng | |
| 650 | 4 | |a penetration testing |2 eng | |
| 650 | 4 | |a NDT |2 eng | |
| 650 | 4 | |a welding |2 eng | |
| 700 | 1 | |a Marônek, Milan |u 063100 |k Z1 |4 ths |U MTF Ústav výrobných technológií |T MTF Katedra zvárania a spájania materiálov |X 290 |U M3100 |Y 162 |7 A000000290 | |
| 856 | 4 | |u http://is.stuba.sk/zp/portal_zp.pl?podrobnosti=169313 | |
| 996 | |c M* BP-9853 |l MMSKP |s P |a 0 |w stuzp98121_0001 | ||